Agnès Varda /

Guardat en:
Dades bibliogràfiques
Autor principal: Rickey, Carrie (autor)
Altres autors: Homedes Beutnagel, Jofre (traducción) (traducción)
Format: Diapositiva
Idioma:espanyol
Publicat: Barcelona, España : Circe, 2025, c2025
Col·lecció:(Biografía Circe)
Matèries:
Etiquetes: Afegir etiqueta
Sense etiquetes, Sigues el primer a etiquetar aquest registre!

MARC

LEADER 00000ngm^a2200000^a^4500
001 000625700
005 20251211000000.0
009 20260310134020.243
020 |a 978-84-7765-322-6 
037 |a Acervo ITESO - Biblioteca 
041 |a ESP 
082 |a 302. 2350944  |b RIC 
100 |a Rickey, Carrie  |e (autor) 
245 1 0 |a Agnès Varda /  |c C. Rickey ; tr. por J. Homedes Beutnagel. 
264 4 |a Barcelona, España :  |b Circe,  |c 2025, c2025 
300 |a 311 p., [8 p. de láminas] 
336 |a texto  |b txt  |2 rdacontenido 
337 |a sin mediación  |b n  |2 rdamedio 
338 |a volumen  |b nc  |2 rdasoporte 
440 1 |a (Biografía Circe) 
500 |a Traducción de: A Complicated Passion: The Life and Work of Agnès Varda 
545 0 |a Agnès Varda (Ixelles, 1928 – París, 2019), cineasta, fotógrafa y artista visual francesa de origen belga. Formada como fotógrafa en las escuelas de Bellas Artes de París y del Louvre, prefiguró con La Pointe Courte (1954), filmada en una comuna de pescadores donde había vivido su adolescencia, la Nouvelle Vague tanto en términos estéticos como de métodos de producción. También contribuyó al movimiento fílmico más influyente del siglo XX con la imaginativa Cleo de 5 a 7 (1962) y su retador discurso amoroso de La felicidad (1964, premios Louis-Delluc y Especial del Jurado en el Festival de Berlín). Radicada en dos etapas en Los Angeles, entabló un diálogo enriquecedor con el cine independiente y el arte urbano norteamericanos en películas como Panteras Negras (1968), Mur muros (1980) y Documentira (1981). Una de las firmantes del Manifiesto de las 343 (1971), que demandó la despenalización del aborto en Francia, filmó la breve Respuesta de mujeres (nuestro cuerpo, nuestro sexo) (1975) y Una canta, la otra no (1977), recapitulación ficticia de la segunda ola del feminismo, aunque algunas ensayistas feministas –en particular Claire Johnston- fueron abiertamente adversas a su cine. Alcanzó la conjunción más redonda de sus intereses estéticos y políticos en Sin techo ni ley (1985, León de Oro a la Mejor Película en el Festival de Venecia), un retrato femenino poderoso y lúcido, con una intepretación al filo del abismo de Sandrine Bonnaire. 
545 0 |a Demostró los grandes alcances de las tecnologías digitales cuando están presididas por una visión, a través de una serie de documentales generosos y afectuosos, con los que cautivó a viejos y nuevos cinéfilos: Los cosechadores y yo (2000), homenaje monumental al modesto acto de recoger y reciclar; el exquisito Quelques veuves de Noirmoutier (2006), conversación amistosa con mujeres con las que comparte la viudez; su vitalísima autobiografía Las playas de Agnès (2008) y Rostros y lugares (2017), proyecto codirigido con el artista callejero JR, que integra sus intereses e inquietudes en torno las personas ordinarias, los paisajes y nuestras relaciones con las imágenes. El diario de viajes Agnès de ci de là Varda (2011), miniserie de cinco capítulos, atraviesa su "tercera vida" como creadora de instalaciones, iniciada en 2003, y su paso por el Festival de Guadalajara, que la galardonó por el conjunto de su filmografía (2010). Reconocida con los premios René Clair (2002), de la Academia Francesa de la Lengua, y Henri Langlois (2009), de los Encuentros Internacionales de Vincennes de Patrimonio y Restauración Fílmicas, recibió por toda su trayectoria los máximos honores de cuatro de los cinco grandes festivales europeos (Locarno 2014, Cannes 2015, San Sebastián 2017 y Berlín 2019) y de las academias fílmicas de Francia (2001) y Estados Unidos (2017). Integrante de la gran generación de directoras europeas de la segunda posguerra, innumerables aspirantes a realizadoras la identificaron como "la cineasta" por antonomasia, pero fue su gran colega belga Chantal Akerman quien la caracterizó mejor al llamarla "una inteligencia en sintonía con el mundo". 
649 |a XX 
650 |a Cineastas Franceses -  |x Biografías 
650 |a Mujeres Francesas -  |x Biografías 
650 |a Documentales Autobiográficos -  |z Francia -  |x Historia y Crítica 
650 |a Documentales -  |z Francia -  |x Historia y Crítica 
650 |a Cine Social y Político -  |z Francia -  |x Historia y Crítica 
650 |a Cine Experimental -  |z Francia -  |x Historia y Crítica 
650 |a Cine de Mujeres -  |z Francia -  |x Historia y Crítica 
650 |a Cine Francés -  |x Historia y Crítica -  |x Tema Principal 
650 |a Cine Francés -  |y Siglo XX 
650 |a Cine Francés -  |y Siglo XXI 
650 |a Varda, Agnès -  |x Tema Principal 
700 |a Homedes Beutnagel, Jofre  |e (traducción) 
910 |a Fondo General 
920 |a Impresos - Libros 
930 |a Colección General 
905 |a 101 
901 |a 625700-10  |b IT1  |c ACC  |i C191398  |u 20251211 
902 |a https://opac.biblio.iteso.mx/vufind/Record/000625700